Milovaní milujúci

Bibliographic Details
Main Author: Reisel, Vladimír, 1919-2007 (Author)
Other Authors: Kellenberger, Ľubomír, 1921-1971 (Bookjacket designer, Illustrator)
Format: Book
Language:Slovak
PhysicalDescription:49 s. V. 8°
Published: [Bratislava] Slovenský spisovateľ 1954
Series:Pôvodná poézia
Subjects:

MARC

LEADER 00000cam a2200000 a 4500
001 vtls008393812
003 SK-MaSNL
005 20260301205046.0
008 251029s1954 xo 000 p slo
015 |a SKSNBA19451995-010127 
035 |a SK01SNKBKSFS20010086029 
035 |a SKM000088492 
040 |a SNK  |b slo  |c SNK  |e AACR2 
041 0 |a slo 
044 |a xo  |c SK 
080 |a 885.4-1  |2 1981 
100 1 |a Reisel, Vladimír,  |d 1919-2007  |4 aut  |9 108091 
245 1 0 |a Milovaní milujúci  |c Vladimír Reisel 
260 |a [Bratislava]  |b Slovenský spisovateľ  |c 1954  |e Bratislava  |f Knižné závody 
300 |a 49 s.  |c V. 8° 
366 |e 4400 výtlač. 
490 1 |a Pôvodná poézia  |v zv. 44 
500 |a Ob., frontispice Ľ. Kellenberger 
650 0 7 |a slovenská poézia  |2 SNK  |9 215422 
655 7 |a umelecká literatúra  |2 SNKPH  |9 60405 
700 1 |a Kellenberger, Ľubomír,  |d 1921-1971  |4 bjd  |4 ill  |9 114668 
830 0 |a Pôvodná poézia  |9 286704 
852 |a Slovenská národná knižnica v Martine  |b 10000  |h MS SD 8572/44 
958 |a OND 
958 |a RK 
958 |a TL 
999 |c 908821  |d 910751 
952 |a SNK  |b SNK  |y PREZ  |7 0  |p 17A0360423  |o snkSD 8572/44  |0 0  |1 0  |4 0  |d 2003-01-02  |l 0  |r 2025-11-21 00:00:00  |w 2026-02-24 
952 |a SNK  |b SNK  |y VYP  |7 0  |p 17A0381605  |o snkSD 8572/44 D1  |i snkI. 10744/54  |0 0  |1 0  |4 0  |d 2003-04-28  |l 0  |r 2005-01-02 00:00:00  |w 2026-02-24 
952 |a SNK  |b SNK  |y VYP  |7 0  |p 17A1185335  |o snkSD 8572/44 D2  |i snkK 813/78  |8 3  |0 0  |1 0  |4 0  |d 2016-04-20  |l 0  |r 2026-02-24 07:37:07  |w 2026-02-24 
952 |a SNKLM  |b SNKLM  |y NEVYP  |7 0  |o snklmMK 3697  |8 3  |0 0  |1 0  |4 0  |d 2006-05-04  |l 0  |r 2026-02-24 07:37:07  |w 2026-02-24